| 000 | 01758cam a22004934i 4500 | ||
|---|---|---|---|
| 003 | PE-LiUPU | ||
| 005 | 20250731173033.0 | ||
| 008 | 150623s r 000 0 d | ||
| 020 | _a0310213088 | ||
| 035 | _a(Sirsi) i9780310213086 | ||
| 040 |
_aPE-LiUPU _bspa _cPE-LiUPU _erda |
||
| 049 | _aPRUA | ||
| 082 | 0 | 4 |
_a261.0973 _bM43 _221 |
| 100 | 1 |
_aMerrill, Dean, _eautor. |
|
| 245 | 1 | 0 |
_aSinners in the hands of an angry church : _bfinding a better way to influence our culture / _cDean Merrill. |
| 264 | 1 |
_aGrand Rapids, Michigan : _bZondervan Publishing House, _c1997. |
|
| 300 |
_a183 páginas ; _c21 centímetros |
||
| 336 |
_atext _2rdacontent |
||
| 337 |
_aunmediated _2rdamedia |
||
| 338 |
_avolume _2rdacarrier |
||
| 504 | _aIncluye bibliografía. | ||
| 505 | 0 | _aFire and rain. -Friends and anemies. -What doth the Lord require?. | |
| 526 | _aSEG42 | ||
| 526 | _aSEG41 | ||
| 526 | _aSEG40 | ||
| 526 | _aSEG39 | ||
| 526 | _aP94 | ||
| 526 | _aP87 | ||
| 526 | _aP86 | ||
| 526 | _aP85 | ||
| 526 | _aP77 | ||
| 526 | _aP76 | ||
| 526 | _aP35 | ||
| 650 | 0 | 4 |
_aCommunicación _xCristianismo. |
| 650 | 0 | 4 |
_aCristianismo y cultura _zEstados Unidos _xHistoria _ySiglo XX. |
| 650 | 0 | 4 |
_aCristianismo y política _zEstados Unidos _xHistoria _ySiglo XX. |
| 650 | 0 | 4 |
_aEvangelismo _zEstados Unidos _xHistoria _ySiglo XX. |
| 942 |
_2ddc _cBOOK |
||
| 949 |
_a261.0973 M43 _wDEWEY _c1 _i48225 _lCCODEBUL1 _mBUL _r0 _sY _tBOOK _u2015-6-24 _xTEOLOGIA _PP35 _0COMPRA _o.STAFF. Colección General |
||
| 994 |
_aC0 _bPEPRU |
||
| 596 | _a1 | ||
| 999 |
_a261.0973 M43 _wDEWEY _c25234 _i48225 _f2021-11-12 _g5 _lCCODEBUL1 _mBUL _r0 _sY _tBOOK _u2015-6-24 _xTEOLOGIA _PP35 _0COMPRA _o.STAFF. Colección General _d25234 |
||
| 980 |
_81 _gALBERTO SANCHEZ Responsable de Automatización |
||